Hebrew-English lexicon : (Record no. 6164)
[ view plain ]
| 000 -LEADER | |
|---|---|
| fixed length control field | 00907nam a2200253Ia 4500 |
| 001 - CONTROL NUMBER | |
| control field | 8578474 |
| 003 - CONTROL NUMBER IDENTIFIER | |
| control field | OSt |
| 005 - DATE AND TIME OF LATEST TRANSACTION | |
| control field | 20190115205513.0 |
| 008 - FIXED-LENGTH DATA ELEMENTS--GENERAL INFORMATION | |
| fixed length control field | 820707r19821844miu d 000 0 eng d |
| 010 ## - LIBRARY OF CONGRESS CONTROL NUMBER | |
| LC control number | 72106438 |
| 020 ## - INTERNATIONAL STANDARD BOOK NUMBER | |
| International Standard Book Number | 0310203619 |
| 040 ## - CATALOGING SOURCE | |
| Original cataloging agency | VYN |
| Transcribing agency | VYN |
| Modifying agency | BSC |
| 082 ## - DEWEY DECIMAL CLASSIFICATION NUMBER | |
| Classification number | 492.4 |
| Item number | O81h |
| 092 ## - LOCALLY ASSIGNED DEWEY CALL NUMBER (OCLC) | |
| Classification number | 492.4 |
| Item number | O81h |
| 100 1# - MAIN ENTRY--PERSONAL NAME | |
| Personal name | Osburn, William, |
| Dates associated with a name | b. 1793. |
| 245 10 - TITLE STATEMENT | |
| Title | Hebrew-English lexicon : |
| Remainder of title | containing all the Hebrew and Chaldee words in the Old Testament scriptures, with their meanings in English / |
| Statement of responsibility, etc. | by William Osburn, Jr. |
| 250 ## - EDITION STATEMENT | |
| Edition statement | 12th Zondervan printing. |
| 260 ## - PUBLICATION, DISTRIBUTION, ETC. | |
| Place of publication, distribution, etc. | Grand Rapids, Mich., |
| Name of publisher, distributor, etc. | Zondervan Pub. House |
| Date of publication, distribution, etc. | 1982. |
| 300 ## - PHYSICAL DESCRIPTION | |
| Extent | 287 p. ; |
| Dimensions | 18 cm. |
| 500 ## - GENERAL NOTE | |
| General note | "Originally published by Samuel Bagster & Sons, London, 1844; another edition, 1882." |
| 650 #0 - SUBJECT ADDED ENTRY--TOPICAL TERM | |
| Topical term or geographic name entry element | Hebrew language |
| General subdivision | Dictionaries |
| -- | English. |
| 650 #0 - SUBJECT ADDED ENTRY--TOPICAL TERM | |
| Topical term or geographic name entry element | Aramaic language |
| General subdivision | Dictionaries |
| -- | English. |
| 942 ## - ADDED ENTRY ELEMENTS (KOHA) | |
| Source of classification or shelving scheme | Dewey Decimal Classification |
| Koha item type | Books |
| Withdrawn status | Lost status | Source of classification or shelving scheme | Damaged status | Not for loan | Collection code | Home library | Current library | Shelving location | Date acquired | Cost, normal purchase price | Total Checkouts | Full call number | Barcode | Date last seen | Price effective from | Koha item type |
|---|---|---|---|---|---|---|---|---|---|---|---|---|---|---|---|---|
| Dewey Decimal Classification | Non-fiction | Harvest Mission College | Harvest Mission College | General Stacks | 15.01.2019 | 200.00 | 492.4 O81h | 007104 | 15.01.2019 | 15.01.2019 | Books | |||||
| Dewey Decimal Classification | Non-fiction | Harvest Mission College | Harvest Mission College | General Stacks | 15.01.2019 | 200.00 | 492.4 O81H | 011225 | 16.02.2021 | 15.01.2019 | Books |
